Popová diva

Bibliographic Details
Main Author: Jefferies, Cindy, 1951- (Author)
Other Authors: Dobiášová, Dana (Translator)
Format: Book
Language:Slovak
English
PhysicalDescription:109 s. 20 cm
Published: Bratislava Matys 2009
ISBN:9788080881849
Edition:1. vyd.
Series:Super škola
Subjects:

MARC

LEADER 00000cam a2200000 a 4500
001 vtls009524173
003 SK-MaSNL
005 20260301024828.0
008 090610s2009 xo c 000 f slo
015 |a SNBA2010/08-04408 
020 |a 9788080881849  |q (viaz.) 
040 |a SNK  |b slo  |c SNK  |e AACR2 
041 1 |a slo  |h eng 
044 |a xo  |c SK 
072 7 |a 821.111-3  |x Anglická próza, anglicky písaná  |2 konspekt 
072 7 |a 821-93  |x Literatúra pre deti a mládež  |2 konspekt 
080 |a 821.111-31  |2 2001 
080 |a 821-93  |2 2001 
100 1 |a Jefferies, Cindy,  |d 1951-  |4 aut  |9 191832 
240 1 0 |a Pop diva  |l Slovensky 
245 1 0 |a Popová diva  |c Cindy Jefferiesová ; [preklad Dana Dobiášová] 
250 |a 1. vyd. 
260 |a Bratislava  |b Matys  |c 2009 
300 |a 109 s.  |c 20 cm 
490 1 |a Super škola  |v 9 
500 |a Preložené z angličtiny 
655 7 |a anglické romány  |2 SNKPH  |9 70428 
655 7 |a literatúra pre mládež  |2 SNKPH  |9 89423 
655 7 |a English fiction  |2 SNKPHeng  |9 109944 
655 7 |a Juvenile literature  |2 SNKPHeng  |9 278419 
655 7 |a publikácie pre mládež  |2 SNKPH  |9 70434 
700 1 |a Dobiášová, Dana  |4 trl  |9 314427 
830 0 |a Super škola  |9 319555 
919 |a 978-80-8088-184-9 
958 |a UP 
958 |a LX 
958 |a DB 
968 |b ENG  |d 821 
999 |c 571925  |d 573855 
952 |a SNK  |b SNK  |y PREZ  |7 0  |p 17A0664559  |o snkSD 79287  |i snk2010/13605  |8 0  |0 0  |1 0  |4 0  |d 2010-06-22  |l 0  |r 2025-11-26 00:00:00  |w 2026-02-23 
952 |a SNK  |b SNK  |y VYP  |7 0  |p 17A0685935  |o snkSD 79287 D1  |i snk2011/1541  |8 0  |0 0  |1 0  |4 0  |d 2011-01-21  |l 0  |r 2017-06-30 00:00:00  |w 2026-02-23